The Employment act, past and future ; a tenth anniversary symposium /

Bibliographic Details
Corporate Author: National Planning Association
Other Authors: Colm, Gerhard, 1897-1968
Format: Book
Language:English
Published: Washington, [publisher not identified] ; [1956]
Series:Its Special report no. 41
Subjects:

MARC

Tag First Indicator Second Indicator Subfields
LEADER 00000cam a2200000 4500
001 in00000062172
005 20151008051656.0
008 720208s1956 dcu 00000 eng u
010 |a  56001099  
035 |a (OCoLC)00236257 
035 |9 AAG9339AM 
040 |c WSU  |d TXA  |d UtOrBLW 
049 |a TXAM  |c [268339] 
050 0 |a HC101  |b .N3522 no.41 
092 |a 338.54  |b N277e 
110 2 |a National Planning Association. 
245 1 4 |a The Employment act, past and future ;  |b a tenth anniversary symposium /  |c Contributors: statements, James E. Murray [and others]; essays, William J. Fellner [and others] Edited by Gerhard Colm. 
264 1 |a Washington,  |b [publisher not identified] ;  |c [1956] 
300 |a 203 pages 
336 |a text  |b txt  |2 rdacontent 
337 |a unmediated  |b n  |2 rdamedia 
338 |a volume  |b nc  |2 rdacarrier 
490 0 |a Its Special report no. 41 
610 1 0 |a United States.  |t Employment Act of 1946. 
651 0 |a United States  |x Full employment policies. 
700 1 |a Colm, Gerhard,  |d 1897-1968. 
999 |a MARS 
999 f f |s e1dbf2e0-b51f-3937-8396-2b1bc8fa1470  |i 02e93bab-0de3-3d5b-a8ce-f020b265cda9  |t 0 
952 f f |p ric  |a Texas A&M University  |b Rellis Campus  |c Joint Library Facility  |d Remote Storage  |t 0  |e HC101 .N3522 no.41  |h Library of Congress classification  |i unmediated -- volume  |m A14800769198 
998 f f |a HC101 .N3522 no.41  |t 0  |l Remote Storage